| 000 | 00653naa a2200193 a 4500 | ||
|---|---|---|---|
| 001 | 85340 | ||
| 003 | BD-RjUL | ||
| 005 | 20250728115613.0 | ||
| 008 | 250728s195? |||||||| |||| 00| 0 urd d | ||
| 035 | _a(BD-RjUL)85340 | ||
| 040 |
_aBD-RjUL _beng _cBD-RjUL |
||
| 041 | _aurd | ||
| 082 |
_223 _a891.439095491 _bADA 195? |
||
| 245 | _aپاکستان کی علاقائی زبانوں پر فارسی کا اثر ;; pakistan ki alaqai zabanon par farsi ka asar / | ||
| 260 |
_aKarachi : _bادارہ مطبوعات پاکستان , _c195 ? |
||
| 300 |
_a74 p. ; _c17 cm |
||
| 650 |
_aUrdu literature _vhistory & criticism _zPakistan _916300 |
||
| 942 |
_2ddc _cBK |
||
| 999 |
_c85340 _d85340 |
||